000
00309nam a22001337a 4500
020
_a
9781451612578
041
_a
ENG
100
_a
Carnegie.D
245
_a
How to win Friends & in fluence People
260
_a
New Delhi
_b
Simon
_c
2015
300
_a
245
650
_a
Competitive Eaxm
856
_u
Competitive Eaxm
999
_c
94
_d
94